Banci Ekonomi - perkhidmatan terpilih 2006 = Economic Census - selected services 2006

Bibliographic Details
Corporate Author: Jabatan Perangkaan Malaysia
Format: Book
Published: Kuala Lumpur : Jabatan Perangkaan Malaysia , 2007
Subjects:

MARC

LEADER 00000cam a2200000 7i4500
001 0000030757
005 20110304.0
008 110304
022 0 |a 01278363 
090 0 0 |a 338.4509595   |b BAN 
110 0 |a Jabatan Perangkaan Malaysia 
245 1 0 |a Banci Ekonomi - perkhidmatan terpilih 2006 = Economic Census - selected services 2006 
260 |a Kuala Lumpur :   |b Jabatan Perangkaan Malaysia ,   |c 2007 
650 0 |a Communication   |x Statistics   |z Malaysia 
650 0 |a Information technology   |x Statistics   |z Malaysia 
650 0 |a Service industries   |x Statistics   |z Malaysia 
650 0 |a Transportation   |x Statistics   |z Malaysia 
999 |a 0001081307   |b Book   |c REFERENCE   |e Perbadanan Perpustakaan Awam Johor